Countries with Mormon Temples - Statistics

General Stats
  • This quiz has been taken 164 times
    142 since last reset
  • The average score is 31 of 43
Answer Stats
# of Temples Country % Correct
83 United States
100%
9 Canada
97%
2 United Kingdom
95%
13 Mexico
94%
7 Brazil
92%
1 France
91%
5 Australia
90%
3 Germany
90%
1 Spain
85%
1 Chile
83%
1 New Zealand
82%
2 Argentina
81%
3 Japan
81%
1 Sweden
80%
2 Peru
79%
1 Hong Kong
76%
1 South Africa
75%
1 Colombia
74%
1 Bolivia
73%
1 Paraguay
73%
1 Uruguay
72%
1 Finland
71%
1 Panama
71%
1 Switzerland
70%
1 Venezuela
70%
1 Denmark
69%
2 Guatemala
69%
1 Costa Rica
68%
1 South Korea
68%
1 Ecuador
66%
1 El Salvador
64%
1 Honduras
63%
1 Netherlands
63%
1 Nigeria
62%
1 Tonga
62%
1 Samoa
60%
2 Philippines
59%
1 Fiji
56%
1 Ukraine
53%
1 Taiwan
52%
1 Ghana
51%
1 Dominican Republic
50%
1 Tahiti
11%
No matching quizzes found
Score Distribution
Percent of People with Each Score
Percentile by Number Answered
Your Score History
You have not taken this quiz since the last reset